000 00701nam a2200241Ia 4500
003 OSt
005 20220923222755.0
006 a|||||r|||| 00| 0
007 ta
008 220922b |||||||| |||| 00| 0 hin d
024 _a207,750
037 _cTextual
040 _aARTS
_cARTS
_bhin
041 _2hin
_ahin
082 _aO152,3N01,2, L4
100 _aओझा, सन्हैयालाल
245 0 _aसर्वनाम
246 _aSarvanāma
260 _aदिल्ली
_b सरला प्रका0
_c1974
300 _a689पृ.
_ccm.
942 _hO152,3N01,2, L4
_cTEXL
_2CC
999 _c358367
_d358367